• 首页
  • 本馆介绍
  • 公告通知
  • 最新文献
  • 馆藏检索
  • 电子资源
  • 读者导购
  • 参考咨询
  • 我的图书馆
  • 登录
  • 详细信息显示
  • 放入我的书架
  • 预约/预借图书
  • 作者相关作品
  • 分类相关作品
  • 丛书相关作品
  • 出版社相关作品

书目信息

  • 表格格式
  • 工作单格式
  • 卡片格式
书名: The Central Lenin Museum
作者: [compiled by V.I. Devyatov ... et al. ; translated from the Russian by Vyacheslav Semyonov ; editors of the English text, Alexandra Bouianovskaya, and Alexander Kafyrov].
分册号:
分册名:
出版地: Moscow :
 
出版社: Raduga Publishers
出版时间: 1986.
页数: 157 p., [19] p. of plates :
开本: 21 cm.
丛书名:
中图分类号:
科图分类号:
其他分类号: G263.512
主题词:
电子资源:
000 00759cam 2200205 a 4500
001 E0730349687
005 20070226082659.03
020    @a5050006929.
090    @aG263.512
099    @dG263.512@ex2
245 04 @aThe Central Lenin Museum :@ba guide / @c[compiled by V.I. Devyatov ... et al. ; translated from the Russian by Vyacheslav Semyonov ; editors of the English text, Alexandra Bouianovskaya, and Alexander Kafyrov].
260    @aMoscow :@bRaduga Publishers,@c1986.
300    @a157 p., [19] p. of plates :@bill. (some col.), maps ;@c21 cm.
500    @aMaps on lining papers.
700 10 @aSemyonov, Vyacheslav.
700 10 @aBouianovskaya, Alexandra.
700 10 @aDeviatov, V. I.
920    @a211010@bG269.512@cC333 @z1
920    @a212020@z1
998    @aPUL
    
    The Central Lenin Museum : : a guide / / [compiled by V.I. Devyatov ... et al. ; translated from the Russian by Vyacheslav Semyonov ; editors of the English text, Alexandra Bouianovskaya, and Alexander Kafyrov].-Moscow : : Raduga Publishers, , 1986.
    157 p., [19] p. of plates : : ill. (some col.), maps ; ; 21 cm.
    Maps on lining papers.
    
    ISBN 5050006929.
    
●
相关链接 在E读中查询图书 在五车中查询图书 在当当中查询图书 在豆瓣中查询图书


正题名:Central Lenin Museum     索取号:G263.512/x2         预约/预借

序号 登录号 条形码 馆藏地/架位号 状态 备注
1 182799   001171396   第四借阅区/ [索取号:G263.512/x2] 在馆    
2 182800   001171387   第四借阅区/ [索取号:G263.512/x2] 在馆    
唐山师范学院图书馆 欢迎您!
大连网信软件有限公司© 版权所有